000 00763nas a2200277 4500
001 BR0801693
003 BR-BrBNA
005 20231205111740.0
007 ta
008 230509b bl.|||p| |||| 00| 00por d
040 _aBR-BrBNA
_bpor
_cBiblioteca Nacional de Agricultura
041 _a(Pt)
072 _aL73
100 1 _aPetit, H.
100 1 _aPlée, L.
100 1 _aDufour, B.
100 1 _aCheuiche, A.J. de V.
245 1 _aPlanos de ação contra a BVD na França
650 _aDOENÇA ANIMAL
650 _aVÍRUS
650 _aPROFILAXIA
650 _aFRANÇA
773 0 _tA Hora Veterinária (Brazil)
_xISSN 0101-9163
_g(Jul-Aug 2005), v. 25(146) p. 8-9
_wBR0801693
909 _a202311
_bLúcia
_c55
_dLúcia Elande
942 _2AGRIS
_n0
_cANA
999 _c194302
_d194302